The US capital commotion / (Record no. 5426)

MARC details
000 -LEADER
fixed length control field 01039nam a22003017a 4500
001 - CONTROL NUMBER
control field 5426
003 - CONTROL NUMBER IDENTIFIER
control field FISKH
005 - DATE AND TIME OF LATEST TRANSACTION
control field 20241205103319.0
008 - FIXED-LENGTH DATA ELEMENTS--GENERAL INFORMATION
fixed length control field 241205b cb ||||| |||| 00| 0 eng d
020 ## - INTERNATIONAL STANDARD BOOK NUMBER
International Standard Book Number 9780545449380
040 ## - CATALOGING SOURCE
Original cataloging agency FISKH
Language of cataloging eng
Transcribing agency FISKH
Modifying agency FISKH
050 ## - LIBRARY OF CONGRESS CALL NUMBER
Classification number 813.6
082 ## - DEWEY DECIMAL CLASSIFICATION NUMBER
Classification number PZ7.G84568
100 ## - MAIN ENTRY--PERSONAL NAME
Personal name Greenhut, Josh
245 ## - TITLE STATEMENT
Title The US capital commotion /
Statement of responsibility, etc. Created by Jeff Brown Written by Josh Greenhut Pictures by Macky Pamintuan
250 ## - EDITION STATEMENT
Edition statement First printing in 2012
260 ## - PUBLICATION, DISTRIBUTION, ETC.
Place of publication, distribution, etc. New York :
Name of publisher, distributor, etc. Scholastic,
Date of publication, distribution, etc. 2012.
300 ## - PHYSICAL DESCRIPTION
Extent 83 pages :
Other physical details illustrations ;
Dimensions 20 cm
505 ## - FORMATTED CONTENTS NOTE
Formatted contents note T<br/>
520 ## - SUMMARY, ETC.
Summary, etc. Flat Stanley travels to Washington D.C. to receive a special award from the President herself, but even after all his adventures, he is still not sure if he deserves to be called a hero.
521 8# - TARGET AUDIENCE NOTE
Target audience note 800L<br/>
Source Lexile<br/>
521 8# - TARGET AUDIENCE NOTE
Target audience note T<br/>
Source Raz-Plus<br/>
650 ## - SUBJECT ADDED ENTRY--TOPICAL TERM
Source of heading or term Washington DC
Topical term or geographic name entry element Flat Stanley
650 ## - SUBJECT ADDED ENTRY--TOPICAL TERM
Source of heading or term Adventure
Topical term or geographic name entry element Fantasy
700 ## - ADDED ENTRY--PERSONAL NAME
Personal name Pamintuan, Macky
Dates associated with a name Illustrator
942 ## - ADDED ENTRY ELEMENTS (KOHA)
Source of classification or shelving scheme Dewey Decimal Classification
Koha item type Books
Suppress in OPAC No
Holdings
Withdrawn status Lost status Source of classification or shelving scheme Damaged status Not for loan Collection Home library Current library Shelving location Date acquired Total Checkouts Full call number Barcode Date last seen Copy number Price effective from Koha item type
    Dewey Decimal Classification     Fiction Footprints International School Library Network Toul Tom Poung Campus Footprints International School Library Network Toul Tom Poung Campus TTP Secondary Fiction Bookshelves 12/05/2024   GRE 813.6 PZ7.G84568 2024-2409 12/05/2024 1 12/05/2024 Books